[Event "III Festival del Mediterraneo A"]
[Site "Terrasini ITA"]
[Date "2012.06.27"]
[Round "5"]
[White "Savalla, Pietro"]
[Black "Burlov, Vassili"]
[Result "0-1"]
[WhiteElo "1822"]
[BlackElo "2347"]
[PlyCount "54"]
[EventDate "2012.06.24"]

1. d4 g6 2. e4 Bg7 3. c3 d6 4. Nf3 Nd7 5. Bd3 e6 6. O-O Ne7 7. Be3 b6 8. Re1
Bb7 9. Nbd2 h6 10. c4 O-O 11. Qc2 f5 12. Nb3 c5 13. Bd2 e5 14. dxc5 dxc5 15.
Bc3 f4 16. Qe2 Nc6 17. Rad1 Qe7 18. a4 a5 19. Bc2 g5 20. g3 Rf7 21. Rf1 Raf8
22. Nc1 Qe6 23. b3 Nd4 24. Bxd4 exd4 25. Bd3 Qh3 26. Kh1 g4 27. Nh4 Ne5 0-1

[Event "III Festival del Mediterraneo A"]
[Site "Terrasini ITA"]
[Date "2012.06.27"]
[Round "5"]
[White "Valguarnera, Girolamo"]
[Black "Puleo, Diego"]
[Result "1-0"]
[WhiteElo "2139"]
[BlackElo "1997"]
[PlyCount "73"]
[EventDate "2012.06.24"]

1. e4 c5 2. Nf3 a6 3. g3 d6 4. Bg2 Nc6 5. O-O g6 6. d3 Bg7 7. Nh4 Nf6 8. f4 Qb6
9. c3 Bg4 10. Qc2 Rd8 11. f5 d5 12. h3 dxe4 13. hxg4 Rxd3 14. Nd2 c4+ 15. Kh1
g5 16. Nxc4 Qc5 17. Bxg5 Qxc4 18. Rf4 Rxg3 19. Re1 h5 20. Bxf6 Bxf6 21. Rfxe4
Qc5 22. g5 Rxg5 23. Qb3 Rg4 24. Qxb7 Nd8 25. Qxa6 Rxh4+ 26. Rxh4 Bxh4 27. Qa4+
Kf8 28. Qxh4 f6 29. Qe4 Nf7 30. Qa8+ Kg7 31. Qb7 Ne5 32. Qb4 Qc7 33. Qf4 Qa7
34. Rxe5 fxe5 35. Qxe5+ Kg8 36. Bd5+ Kh7 37. Qe6 1-0

[Event "III Festival del Mediterraneo A"]
[Site "Terrasini ITA"]
[Date "2012.06.28"]
[Round "6"]
[White "Burlov, Vassili"]
[Black "Lo Piccolo, Antonino"]
[Result "1-0"]
[WhiteElo "2347"]
[BlackElo "1847"]
[PlyCount "65"]
[EventDate "2012.06.24"]

1. d4 d5 2. c4 c6 3. Nc3 Nf6 4. Nf3 g6 5. e3 Bg7 6. Be2 O-O 7. O-O Nbd7 8. cxd5
cxd5 9. Qb3 e6 10. Bd2 Ne4 11. Rfc1 Nxd2 12. Nxd2 a6 13. Na4 b5 14. Nc5 Nxc5
15. Rxc5 Bd7 16. Rac1 Qa5 17. Qc3 Qxc3 18. R1xc3 Rfe8 19. Rc7 Red8 20. Nb3 Bf8
21. Nc5 Be8 22. Rb7 Rdb8 23. Rxb8 Rxb8 24. Nxa6 b4 25. Nxb8 bxc3 26. bxc3 Ba3
27. Kf1 Bb2 28. c4 dxc4 29. Bxc4 Kf8 30. Ke2 Ke7 31. Kd3 Kd6 32. Na6 Bc6 33. f3
1-0

[Event "III Festival del Mediterraneo A"]
[Site "Terrasini ITA"]
[Date "2012.06.28"]
[Round "6"]
[White "Elbert, Gebhard"]
[Black "Rizzardi, Franco"]
[Result "0-1"]
[WhiteElo "1990"]
[BlackElo "2026"]
[PlyCount "54"]
[EventDate "2012.06.24"]

1. d4 d5 2. Nf3 Nf6 3. e3 Bf5 4. c4 c6 5. Be2 e6 6. O-O h6 7. Nbd2 Nbd7 8. b3
Be7 9. Bb2 O-O 10. Re1 Ne4 11. a3 Bh7 12. Nf1 f5 13. Ng3 Bd6 14. Ne5 Qe7 15.
Bd3 Rad8 16. Qc2 Qh4 17. Rad1 Bxe5 18. dxe5 Ndc5 19. b4 Nxd3 20. Qxd3 Nxf2 21.
Qd4 Ng4 22. Nf1 Qf2+ 23. Kh1 dxc4 24. Qc3 Rd3 25. Qc1 f4 26. exf4 Rxd1 27. Qxd1
Be4 0-1

[Event "III Festival del Mediterraneo A"]
[Site "Terrasini ITA"]
[Date "2012.06.28"]
[Round "6"]
[White "Napoli, Nicolo'"]
[Black "Valguarnera, Girolamo"]
[Result "1-0"]
[WhiteElo "2280"]
[BlackElo "2139"]
[PlyCount "123"]
[EventDate "2012.06.24"]

1. d4 Nf6 2. Nc3 c5 3. d5 e6 4. e4 exd5 5. e5 Ng8 6. Qxd5 Ne7 7. Qxc5 Ng6 8.
Qe3 Bb4 9. Nf3 O-O 10. Bd2 d5 11. Nxd5 Qxd5 12. Bxb4 Re8 13. Bc3 Nc6 14. Be2
Bf5 15. O-O Bxc2 16. Rac1 Bf5 17. Qg5 Qe4 18. Rfe1 Be6 19. a3 Nf4 20. Bf1 Nh3+
21. gxh3 Qxf3 22. Bg2 Qd3 23. Re3 Qf5 24. h4 Rad8 25. Rg3 Qxg5 26. hxg5 Bf5 27.
f4 Nd4 28. Re1 b6 29. Be4 Bxe4 30. Rxe4 Nf5 31. Rf3 Rd5 32. Ra4 a5 33. Re4 Re6
34. Rf1 h5 35. Ree1 Kh7 36. Rd1 Rc5 37. Rd3 Rc4 38. Kg2 Kg6 39. b3 Rc8 40. Rfd1
Rec6 41. Be1 Re6 42. Bf2 Rcc6 43. Rd7 Rc2 44. R1d2 Rc3 45. R2d3 Rcc6 46. Rb7
Rc2 47. Kf3 Rcc6 48. h3 h4 49. Kg4 Rc2 50. Bxh4 Rg2+ 51. Bg3 Rc6 52. b4 axb4
53. axb4 Rb2 54. h4 Nxg3 55. Rxg3 Rxb4 56. h5+ Kh7 57. Kf5 Rc8 58. Rxf7 Kg8 59.
g6 Rcc4 60. Rd3 Rxf4+ 61. Ke6 Rfd4 62. Ke7 1-0

[Event "III Festival del Mediterraneo A"]
[Site "Terrasini ITA"]
[Date "2012.06.28"]
[Round "6"]
[White "Ravagnani, Tiziano"]
[Black "Bertino, Giacomo"]
[Result "0-1"]
[WhiteElo "2023"]
[BlackElo "1987"]
[PlyCount "42"]
[EventDate "2012.06.24"]

1. e4 e6 2. d4 d5 3. Nc3 Bb4 4. e5 c5 5. a3 Ba5 6. b4 cxd4 7. bxa5 dxc3 8. Qg4
Ne7 9. Qxg7 Rg8 10. Qxh7 Nd7 11. Nf3 Qc7 12. Kd1 Nf8 13. Qh5 Bd7 14. Rb1 Nfg6
15. Be3 Nf5 16. Bc1 O-O-O 17. Bg5 Rdf8 18. a6 b6 19. Bf6 Qc5 20. Nh4 Qxf2 21.
Nxf5 Qd2# 0-1

[Event "III Festival del Mediterraneo A"]
[Site "Terrasini ITA"]
[Date "2012.06.28"]
[Round "6"]
[White "Sbarra, Marco"]
[Black "Ljubisavljevic, Zivojin Z."]
[Result "1/2-1/2"]
[WhiteElo "2279"]
[BlackElo "2210"]
[PlyCount "93"]
[EventDate "2012.06.24"]

1. d4 Nf6 2. c4 c5 3. d5 b5 4. Nf3 bxc4 5. Nc3 d6 6. e4 g6 7. Bxc4 Bg7 8. e5
dxe5 9. Nxe5 O-O 10. O-O Ne8 11. Re1 Nd6 12. Bb3 Bxe5 13. Rxe5 c4 14. Bc2 Nd7
15. Re1 Nf6 16. Bg5 Bf5 17. Bxf5 Nxf5 18. Bxf6 exf6 19. Ne4 Nd6 20. Qd4 Nxe4
21. Rxe4 Rb8 22. d6 Qb6 23. Rd1 Qxd4 24. Rexd4 Rxb2 25. Rxc4 Rd8 26. g3 Rb7 27.
Kg2 Kg7 28. Rc7 Rxd6 29. Rxf7+ Kxf7 30. Rxd6 a5 31. Ra6 Rb5 32. a4 Re5 33. Ra7+
Ke6 34. Rxh7 Re4 35. Rh4 Rxh4 36. gxh4 Kd5 37. Kg3 Kc4 38. h5 gxh5 39. Kh4 Kb4
40. Kxh5 Kxa4 41. Kg6 Kb3 42. h4 a4 43. h5 a3 44. h6 a2 45. h7 a1=Q 46. h8=Q
Qg1+ 47. Kf7 1/2-1/2

[Event "III Festival del Mediterraneo A"]
[Site "Terrasini ITA"]
[Date "2012.06.28"]
[Round "7"]
[White "Assmann, Norbert"]
[Black "Lo Piccolo, Antonino"]
[Result "1-0"]
[WhiteElo "1921"]
[BlackElo "1847"]
[PlyCount "85"]
[EventDate "2012.06.24"]

1. Nf3 Nf6 2. g3 g6 3. Bg2 Bg7 4. O-O O-O 5. c4 d6 6. d4 Nbd7 7. Nc3 e5 8. d5
Nc5 9. Nd2 Nh5 10. e4 Nd3 11. Qe2 Nxc1 12. Raxc1 a6 13. Bf3 Bh3 14. Rfd1 Qg5
15. Kh1 Bh6 16. Rc2 Ng7 17. Bg2 Bxg2+ 18. Kxg2 Nh5 19. Kh1 f5 20. Rg1 Nf6 21.
f3 fxe4 22. Ndxe4 Nxe4 23. Nxe4 Qf5 24. Rf1 Qd7 25. Kg2 Rf7 26. Qd3 b6 27. b3
a5 28. a3 Kg7 29. Rff2 Rff8 30. Qc3 Kg8 31. b4 axb4 32. axb4 Qa4 33. c5 bxc5
34. bxc5 Qa5 35. Qd3 Rfd8 36. cxd6 cxd6 37. Rc6 Qb4 38. Nf6+ Kh8 39. Rc7 Bg7
40. Ng4 Ra3 41. Qc2 Raa8 42. Rxg7 Kxg7 43. Qc7+ 1-0

[Event "III Festival del Mediterraneo A"]
[Site "Terrasini ITA"]
[Date "2012.06.28"]
[Round "7"]
[White "Burlov, Vassili"]
[Black "Sbarra, Marco"]
[Result "0-1"]
[WhiteElo "2347"]
[BlackElo "2279"]
[PlyCount "68"]
[EventDate "2012.06.24"]

1. g3 d5 2. Bg2 Nf6 3. d3 c5 4. f4 g6 5. Nf3 Bg7 6. O-O O-O 7. c3 Nc6 8. Qc2 d4
9. e4 dxe3 10. Bxe3 Bf5 11. Rd1 c4 12. Ne1 Ng4 13. Bc5 Qa5 14. Bf2 Rad8 15. h3
cxd3 16. Qd2 Nxf2 17. Qxf2 Qa4 18. Nd2 Nd4 19. a3 Ne2+ 20. Kh1 e5 21. g4 Be6
22. fxe5 Bxe5 23. Ne4 Nf4 24. Nc5 Qc4 25. Nxe6 fxe6 26. Nf3 Bc7 27. Qe3 Bb6 28.
Qd2 Ne2 29. Qg5 Ng3+ 30. Kh2 Ne4 31. Ne5 Bc7 32. Bxe4 Qxe4 33. Re1 Rf2+ 34. Kg3
Re2 0-1

[Event "III Festival del Mediterraneo A"]
[Site "Terrasini ITA"]
[Date "2012.06.28"]
[Round "7"]
[White "Ljubisavljevic, Zivojin Z."]
[Black "Napoli, Nicolo'"]
[Result "0-1"]
[WhiteElo "2210"]
[BlackElo "2280"]
[PlyCount "70"]
[EventDate "2012.06.24"]

1. d4 Nf6 2. c3 b6 3. Bf4 Bb7 4. Nd2 e6 5. e3 Nd5 6. Bg3 f5 7. Ngf3 Be7 8. e4
fxe4 9. Nxe4 O-O 10. Qc2 Nf4 11. Bxf4 Rxf4 12. Bd3 c5 13. dxc5 bxc5 14. Ned2 h6
15. O-O-O Nc6 16. Kb1 Na5 17. Ne5 Rf6 18. Ne4 Rf5 19. f4 c4 20. Be2 Rxf4 21.
Bf3 d5 22. Ng6 Rf6 23. Ng3 Bd6 24. Bg4 Bc8 25. Rhe1 Rb8 26. Bxe6+ Bxe6 27. Rxe6
Ba3 28. Rde1 Qd7 29. R6e2 Bxb2 30. Qxb2 Rxb2+ 31. Kxb2 Kh7 32. Ne5 Qb5+ 33. Ka1
Rb6 34. Nf5 Nb3+ 35. axb3 Qa5+ 0-1

[Event "III Festival del Mediterraneo A"]
[Site "Terrasini ITA"]
[Date "2012.06.28"]
[Round "7"]
[White "Meijers, Viesturs"]
[Black "Messina, Damiano"]
[Result "1-0"]
[WhiteElo "2487"]
[BlackElo "1937"]
[PlyCount "135"]
[EventDate "2012.06.24"]

1. Nf3 Nf6 2. c4 g6 3. b3 Bg7 4. Bb2 O-O 5. g3 b6 6. Bg2 Bb7 7. O-O d6 8. d4
Nbd7 9. Qc2 e6 10. Nc3 Qe7 11. Rfd1 Rfe8 12. b4 a5 13. a3 c5 14. dxc5 dxc5 15.
b5 Rad8 16. Na4 Be4 17. Qb3 Ba8 18. Ne1 Bxg2 19. Nxg2 Nh5 20. Ne3 f5 21. Ng2
Nhf6 22. Rd3 Ng4 23. Bxg7 Kxg7 24. Qc3+ Kg8 25. h3 Nge5 26. Rd2 Nf7 27. h4 Nd6
28. f3 Nc8 29. Rad1 Nf6 30. Nf4 Kf7 31. Nb2 h6 32. Nbd3 Nd7 33. Ne5+ Nxe5 34.
Qxe5 Rxd2 35. Rxd2 g5 36. hxg5 hxg5 37. Nh5 Rg8 38. g4 f4 39. Kf2 Rg6 40. Ke1
Rg8 41. Rd3 Rg6 42. Kd2 Rg8 43. Kc3 Rg6 44. a4 Rg8 45. Rd1 Rg6 46. Qh8 Rg8 47.
Qh7+ Kf8 48. Qe4 Kf7 49. Qh7+ Kf8 50. Rd7 Qxh7 51. Rxh7 Rg6 52. Rc7 Ne7 53. Kd3
e5 54. Ke4 Kf7 55. Rd7 Ke6 56. Rb7 Kf7 57. Ng7 Rxg7 58. Rxb6 Rg6 59. Rxg6 Kxg6
60. Kxe5 Nc8 61. Kd5 Nb6+ 62. Kxc5 Nxa4+ 63. Kc6 Nb6 64. Kxb6 a4 65. c5 a3 66.
c6 a2 67. c7 a1=Q 68. c8=Q 1-0

[Event "III Festival del Mediterraneo A"]
[Site "Terrasini ITA"]
[Date "2012.06.28"]
[Round "7"]
[White "Ravagnani, Tiziano"]
[Black "Elbert, Gebhard"]
[Result "1-0"]
[WhiteElo "2023"]
[BlackElo "1990"]
[PlyCount "51"]
[EventDate "2012.06.24"]

1. e4 Nf6 2. e5 Nd5 3. c4 Nb6 4. c5 Nd5 5. Bc4 e6 6. Nc3 Nxc3 7. dxc3 d5 8.
cxd6 cxd6 9. Nf3 d5 10. Bd3 Nc6 11. O-O Be7 12. Re1 b6 13. Bb5 Bd7 14. Qd3 O-O
15. a4 h6 16. Bf4 Nb8 17. Qd2 Bxb5 18. axb5 Kh7 19. Ra4 Qc7 20. Nd4 Nd7 21. b4
Qc4 22. Rea1 Bg5 23. Bxg5 hxg5 24. Qxg5 Qxc3 25. Nc6 g6 26. R4a3 1-0

[Event "III Festival del Mediterraneo A"]
[Site "Terrasini ITA"]
[Date "2012.06.28"]
[Round "7"]
[White "Rizzardi, Franco"]
[Black "Puleo, Diego"]
[Result "1-0"]
[WhiteElo "2026"]
[BlackElo "1997"]
[PlyCount "87"]
[EventDate "2012.06.24"]

1. e4 c5 2. Nf3 d6 3. d4 cxd4 4. Nxd4 Nf6 5. Nc3 Bd7 6. Bc4 a6 7. Bb3 g6 8. O-O
Bg7 9. h3 O-O 10. Be3 Nc6 11. f4 Na5 12. Qd3 Nxb3 13. axb3 e5 14. Nde2 Bc6 15.
Rad1 Re8 16. Ng3 Qe7 17. Qxd6 Qxd6 18. Rxd6 exf4 19. Rxf4 Nd7 20. Rd1 f5 21.
Bd4 Bh6 22. Rff1 f4 23. Nge2 g5 24. g3 Bxe4 25. Nxe4 Rxe4 26. Nc3 Re6 27. gxf4
gxf4 28. Nd5 Re4 29. Kf2 Rae8 30. Rfe1 Kf7 31. Rxe4 Rxe4 32. Kf3 Re6 33. Nxf4
Rd6 34. Rd3 Rc6 35. c3 Rd6 36. Re3 Nf8 37. Re2 Nd7 38. Nd3 Bg7 39. Re4 Bf6 40.
Rf4 Kg6 41. Ke4 Re6+ 42. Kd5 Re2 43. Kd6 Bxd4 44. Rxd4 1-0

[Event "III Festival del Mediterraneo A"]
[Site "Terrasini ITA"]
[Date "2012.06.28"]
[Round "7"]
[White "Savalla, Pietro"]
[Black "Bertino, Giacomo"]
[Result "1/2-1/2"]
[WhiteElo "1822"]
[BlackElo "1987"]
[PlyCount "88"]
[EventDate "2012.06.24"]

1. d4 e6 2. Nf3 c5 3. e3 b6 4. Bd3 Bb7 5. Nbd2 Nf6 6. c3 d5 7. O-O Nbd7 8. Qe2
Qc7 9. e4 cxd4 10. cxd4 dxe4 11. Nxe4 Nxe4 12. Bxe4 Rd8 13. Bxb7 Qxb7 14. Be3
Bd6 15. Rac1 O-O 16. Nd2 Qd5 17. a3 Rc8 18. Qf3 Nf6 19. Qxd5 Nxd5 20. Ne4 Bb8
21. Rxc8 Rxc8 22. Rc1 Rxc1+ 23. Bxc1 Nf4 24. Bxf4 Bxf4 25. Nc3 Bc1 26. Nd1 b5
27. Kf1 Kf8 28. Ke2 Ke7 29. Kd3 Kd6 30. Kc2 Bg5 31. Nc3 Kc6 32. Kd3 f5 33. Ne2
a5 34. Kc3 Kd5 35. Kd3 b4 36. axb4 axb4 37. b3 Bh6 38. f4 g5 39. g3 g4 40. Ke3
Bg7 41. Kd3 Bf6 42. Ke3 h5 43. Kd3 h4 44. gxh4 Bxh4 1/2-1/2

[Event "III Festival del Mediterraneo A"]
[Site "Terrasini ITA"]
[Date "2012.06.28"]
[Round "7"]
[White "Valguarnera, Girolamo"]
[Black "Bentivegna, Francesco"]
[Result "1/2-1/2"]
[WhiteElo "2139"]
[BlackElo "2276"]
[PlyCount "71"]
[EventDate "2012.06.24"]

1. e4 e5 2. Nf3 Nc6 3. Bb5 a6 4. Bxc6 dxc6 5. O-O Bg4 6. d3 f6 7. Be3 Qd7 8.
Nbd2 c5 9. a4 a5 10. Qb1 O-O-O 11. Qa2 b6 12. Qc4 Ne7 13. Qa6+ Kb8 14. Bxc5 Nc6
15. Bxf8 Rhxf8 16. Qb5 g5 17. c3 Ne7 18. Qxd7 Rxd7 19. d4 Bxf3 20. Nxf3 g4 21.
Nh4 exd4 22. cxd4 Rxd4 23. Rfe1 Rfd8 24. f4 Rb4 25. Re2 Rdd4 26. Rae1 Rxa4 27.
e5 f5 28. g3 Ra2 29. e6 a4 30. Re5 Rxb2 31. Nxf5 Nxf5 32. Rxf5 Rdd2 33. Rfe5
Rg2+ 34. Kh1 Rxh2+ 35. Kg1 Rhg2+ 36. Kh1 1/2-1/2

[Event "III Festival del Mediterraneo A"]
[Site "Terrasini ITA"]
[Date "2012.06.29"]
[Round "8"]
[White "Assmann, Norbert"]
[Black "Valguarnera, Girolamo"]
[Result "0-1"]
[WhiteElo "1921"]
[BlackElo "2139"]
[PlyCount "86"]
[EventDate "2012.06.24"]

1. Nf3 Nf6 2. g3 g6 3. Bg2 Bg7 4. O-O O-O 5. c4 d6 6. d4 Nfd7 7. Nc3 a5 8. e4
Nc6 9. Be3 Nb6 10. b3 a4 11. Qd2 Na5 12. Rab1 axb3 13. axb3 f5 14. Bh6 fxe4 15.
Nxe4 d5 16. cxd5 Bg4 17. Ne5 Bf5 18. Bxg7 Kxg7 19. g4 Bxe4 20. Bxe4 Nxd5 21. f4
Nxf4 22. Rf3 Qxd4+ 23. Qxd4 Ne2+ 24. Kg2 Nxd4 25. Rd3 Ne6 26. Rc3 c5 27. Kg3
Rad8 28. Bg2 Rd4 29. Re1 Nf4 30. Bf3 b6 31. g5 e6 32. Ng4 Nh5+ 33. Kh3 Rdf4 34.
Ree3 R4f5 35. Kh4 Nf4 36. Nh6 Rd8 37. Nxf5+ gxf5 38. Re1 Rd4 39. Kg3 Kf7 40.
Rce3 Rb4 41. h4 Rd4 42. h5 Nd3 43. Rd1 f4+ 0-1

[Event "III Festival del Mediterraneo A"]
[Site "Terrasini ITA"]
[Date "2012.06.29"]
[Round "8"]
[White "Ljubisavljevic, Zivojin Z."]
[Black "Burlov, Vassili"]
[Result "0-1"]
[WhiteElo "2210"]
[BlackElo "2347"]
[PlyCount "74"]
[EventDate "2012.06.24"]

1. e4 c5 2. Nc3 e6 3. Nf3 d6 4. d4 cxd4 5. Nxd4 Nf6 6. Be2 Be7 7. O-O O-O 8. f4
Nc6 9. Kh1 Bd7 10. Nb3 a5 11. a4 Nb4 12. Bf3 Bc6 13. Qe2 e5 14. Nb5 Bxb5 15.
axb5 a4 16. c3 axb3 17. Rxa8 Qxa8 18. cxb4 Rc8 19. Qd3 Qa1 20. Be3 Qxb2 21. Rb1
Rc3 22. Rxb2 Rxd3 23. Bd2 exf4 24. Kg1 g5 25. Kf1 g4 26. Be2 Rxd2 27. Rxd2 Nxe4
28. Rd4 b2 29. Bd3 Nd2+ 30. Ke2 Nb3 31. Re4 Nc1+ 32. Kd2 Nxd3 33. Kc2 Bf6 34.
b6 d5 35. Re8+ Kg7 36. Rb8 Nxb4+ 37. Kb1 f3 0-1

[Event "III Festival del Mediterraneo A"]
[Site "Terrasini ITA"]
[Date "2012.06.29"]
[Round "8"]
[White "Lo Piccolo, Antonino"]
[Black "Elbert, Gebhard"]
[Result "0-1"]
[WhiteElo "1847"]
[BlackElo "1990"]
[PlyCount "80"]
[EventDate "2012.06.24"]

1. d4 d5 2. c4 c6 3. Nf3 e6 4. Nc3 dxc4 5. a4 Bb4 6. e3 b5 7. Bd2 a5 8. b3 Bxc3
9. Bxc3 b4 10. Bd2 c3 11. Bc1 Ba6 12. Bxa6 Nxa6 13. Ne5 Nf6 14. Nxc6 Qd5 15.
Qf3 Nc7 16. Ne5 O-O 17. Nc4 Ra6 18. O-O Ne4 19. Ra2 f5 20. Qf4 Rc6 21. f3 Nf6
22. Rff2 Nce8 23. Qe5 Ra6 24. h3 Nd6 25. Nxd6 Rxd6 26. Rf1 Rc6 27. Qxd5 exd5
28. g4 g6 29. gxf5 gxf5 30. Rg2+ Kf7 31. Kf2 Rfc8 32. Rfg1 Rg8 33. Rxg8 Nxg8
34. Ke2 Rc8 35. Kd3 Re8 36. Rg5 Kf6 37. Rh5 Kg6 38. Rh4 Nf6 39. e4 dxe4+ 40.
fxe4 fxe4+ 0-1

[Event "III Festival del Mediterraneo A"]
[Site "Terrasini ITA"]
[Date "2012.06.29"]
[Round "8"]
[White "Meijers, Viesturs"]
[Black "Rizzardi, Franco"]
[Result "1-0"]
[WhiteElo "2487"]
[BlackElo "2026"]
[PlyCount "87"]
[EventDate "2012.06.24"]

1. Nf3 d5 2. d4 Nf6 3. e3 Bf5 4. Bd3 Bg6 5. O-O e6 6. b3 Nbd7 7. Bb2 Ne4 8. c4
c6 9. Nc3 Bb4 10. Ne2 O-O 11. a3 Bd6 12. c5 Bc7 13. b4 Rc8 14. Ne5 Re8 15. f3
Nef6 16. Bxg6 hxg6 17. Qd3 Nxe5 18. dxe5 Nd7 19. f4 Kh7 20. Nd4 Rh8 21. Nf3 Kg8
22. Bd4 a6 23. a4 Qe7 24. e4 Rh5 25. Rfc1 Nf8 26. b5 axb5 27. axb5 Qd7 28. Rcb1
Bd8 29. Ra7 Rc7 30. Be3 Be7 31. bxc6 bxc6 32. Rxc7 Qxc7 33. exd5 exd5 34. Qa6
Ne6 35. Rb7 Qc8 36. Qa7 Bf8 37. Rb8 Qc7 38. Qxc7 Nxc7 39. Rc8 Ne6 40. Rxc6 d4
41. Rxe6 fxe6 42. c6 Bd6 43. exd6 dxe3 44. d7 1-0

[Event "III Festival del Mediterraneo A"]
[Site "Terrasini ITA"]
[Date "2012.06.29"]
[Round "8"]
[White "Puleo, Diego"]
[Black "Ravagnani, Tiziano"]
[Result "0-1"]
[WhiteElo "1997"]
[BlackElo "2023"]
[PlyCount "54"]
[EventDate "2012.06.24"]

1. e4 c5 2. Nf3 d6 3. d4 cxd4 4. Nxd4 Nf6 5. Nc3 g6 6. Be3 Bg7 7. f3 Nc6 8. Qd2
Bd7 9. Bc4 O-O 10. O-O-O Rb8 11. Bb3 Ne5 12. h4 b5 13. h5 Nc4 14. Bxc4 bxc4 15.
Rdg1 Qb6 16. Nd1 c3 17. Qxc3 Rfc8 18. Qd2 Nxh5 19. Kb1 Qa6 20. Nb3 Ng3 21. Rh4
Rc4 22. Bf2 Ra4 23. Bxg3 Rxa2 24. Rgh1 Be6 25. Nc3 Rxb3 26. cxb3 Bxb3 27. Kc1
Ra1+ 0-1

[Event "III Festival del Mediterraneo A"]
[Site "Terrasini ITA"]
[Date "2012.06.30"]
[Round "9"]
[White "Bentivegna, Francesco"]
[Black "Ljubisavljevic, Zivojin Z."]
[Result "1-0"]
[WhiteElo "2276"]
[BlackElo "2210"]
[PlyCount "41"]
[EventDate "2012.06.24"]

1. e4 c5 2. Nf3 d6 3. d4 cxd4 4. Qxd4 Nc6 5. Bb5 Bd7 6. Bxc6 bxc6 7. Nc3 Nf6 8.
e5 dxe5 9. Nxe5 Qb6 10. Qc4 e6 11. O-O Be7 12. Bg5 Rd8 13. Rfd1 Nd5 14. Bxe7
Kxe7 15. Qg4 g6 16. Ne4 Qc7 17. Qg3 Ke8 18. Nc5 Bc8 19. c4 f6 20. cxd5 fxe5 21.
dxc6 1-0

[Event "III Festival del Mediterraneo A"]
[Site "Terrasini ITA"]
[Date "2012.06.30"]
[Round "9"]
[White "Burlov, Vassili"]
[Black "Assmann, Norbert"]
[Result "1-0"]
[WhiteElo "2347"]
[BlackElo "1921"]
[PlyCount "87"]
[EventDate "2012.06.24"]

1. d4 Nf6 2. c4 g6 3. Nc3 Bg7 4. e4 d6 5. f3 c6 6. Be3 a6 7. Qd2 b5 8. a3 Nbd7
9. Rc1 Bb7 10. Nh3 bxc4 11. Bxc4 d5 12. Ba2 dxe4 13. Ng5 O-O 14. Ngxe4 Nd5 15.
Bh6 Qb6 16. Bxg7 Kxg7 17. Na4 Qa7 18. O-O a5 19. Rfe1 e6 20. Kh1 Qb8 21. Nac5
Rd8 22. Qg5 Nxc5 23. Rxc5 h6 24. Qc1 Qf4 25. Bxd5 Qxc1 26. Rexc1 exd5 27. Nc3
Re8 28. Kg1 Re3 29. Kf2 Re7 30. Re1 Rxe1 31. Kxe1 Kf6 32. Na2 Kf5 33. Nc1 g5
34. g4+ Ke6 35. a4 Kd6 36. Nb3 Ba6 37. Nxa5 Re8+ 38. Kf2 Re2+ 39. Kg3 Bd3 40.
Rxc6+ Kd7 41. Rc3 Ba6 42. Nb3 Bc8 43. Nc5+ Kc7 44. b4 1-0

[Event "III Festival del Mediterraneo A"]
[Site "Terrasini ITA"]
[Date "2012.06.30"]
[Round "9"]
[White "Lo Piccolo, Antonino"]
[Black "Puleo, Diego"]
[Result "1/2-1/2"]
[WhiteElo "1847"]
[BlackElo "1997"]
[PlyCount "78"]
[EventDate "2012.06.24"]

1. d4 Nf6 2. c4 c5 3. d5 e5 4. Nc3 d6 5. e4 Be7 6. Nf3 O-O 7. Be2 Ne8 8. O-O g6
9. Qd2 f5 10. Qh6 f4 11. h4 Rf7 12. Ng5 Rg7 13. g3 Bf8 14. Ne6 Bxe6 15. dxe6 g5
16. hxg5 Rxg5 17. Qh3 Ng7 18. Kh1 Rg6 19. gxf4 exf4 20. Bxf4 Nxe6 21. Be3 Ng5
22. Bxg5 Qxg5 23. Rg1 Qh6 24. Qxh6 Bxh6 25. Rxg6+ hxg6 26. Rd1 Bf8 27. Nb5 Nc6
28. Bg4 Rd8 29. Kg2 Kf7 30. Nc7 a6 31. Ne6 Re8 32. Nxf8 Kxf8 33. Rxd6 Rxe4 34.
Bf3 Rxc4 35. Bxc6 bxc6 36. Rxc6 Rc2 37. Rxg6 Rxb2 38. Rxa6 c4 39. Rc6 Rxa2
1/2-1/2

[Event "III Festival del Mediterraneo A"]
[Site "Terrasini ITA"]
[Date "2012.06.30"]
[Round "9"]
[White "Messina, Damiano"]
[Black "Ravagnani, Tiziano"]
[Result "1-0"]
[WhiteElo "1937"]
[BlackElo "2023"]
[PlyCount "69"]
[EventDate "2012.06.24"]

1. Nf3 c5 2. g3 Nc6 3. Bg2 e5 4. d3 d5 5. O-O Nf6 6. Nbd2 Bg4 7. c4 d4 8. Qa4
Qd7 9. a3 Bd6 10. Rb1 O-O 11. b4 a6 12. bxc5 Bxc5 13. Nb3 Bb6 14. Re1 h6 15.
Bd2 Rfe8 16. Na1 Bc5 17. h4 e4 18. Nh2 e3 19. fxe3 dxe3 20. Bc3 Bd4 21. Bxd4
Qxd4 22. Nc2 Qd6 23. Nf1 Nd4 24. Nxd4 Qxd4 25. Bxb7 Rab8 26. Qc2 Bh3 27. Bf3 g5
28. hxg5 hxg5 29. Rxb8 Rxb8 30. Rb1 Rxb1 31. Qxb1 Qe5 32. Kh2 Bg4 33. Qb7 Qa1
34. Nxe3 Qe1 35. Nxg4 1-0

[Event "III Festival del Mediterraneo A"]
[Site "Terrasini ITA"]
[Date "2012.06.30"]
[Round "9"]
[White "Rizzardi, Franco"]
[Black "Sbarra, Marco"]
[Result "1/2-1/2"]
[WhiteElo "2026"]
[BlackElo "2279"]
[PlyCount "72"]
[EventDate "2012.06.24"]

1. e4 e5 2. Nf3 Nc6 3. Bb5 a6 4. Ba4 Nf6 5. O-O Be7 6. Re1 b5 7. Bb3 O-O 8. h3
d6 9. c3 Na5 10. Bc2 c5 11. d4 Qc7 12. d5 Nc4 13. Nbd2 Nxd2 14. Bxd2 Nd7 15.
Nh2 Nb6 16. Qf3 Bd7 17. Nf1 a5 18. Rad1 Kh8 19. g4 b4 20. Ng3 Ba4 21. Bxa4 Nxa4
22. Rb1 Kg8 23. c4 Nb6 24. b3 a4 25. Nf5 axb3 26. axb3 Ra3 27. Qd3 g6 28. Nh6+
Kh8 29. g5 f6 30. h4 Qd8 31. Bc1 Ra2 32. Qg3 fxg5 33. hxg5 Nd7 34. Be3 Kg7 35.
Ra1 Ra3 36. Rab1 Ra2 1/2-1/2

[Event "III Festival del Mediterraneo A"]
[Site "Terrasini ITA"]
[Date "2012.06.30"]
[Round "9"]
[White "Valguarnera, Girolamo"]
[Black "Meijers, Viesturs"]
[Result "0-1"]
[WhiteElo "2139"]
[BlackElo "2487"]
[PlyCount "62"]
[EventDate "2012.06.24"]

1. e4 c5 2. Nf3 e6 3. d3 a6 4. g3 b5 5. Bg2 Bb7 6. O-O Be7 7. Re1 Nc6 8. Nbd2
d6 9. Nf1 Nf6 10. Bd2 d5 11. e5 Nd7 12. h4 Qc7 13. Bf4 h6 14. c3 a5 15. Rc1 a4
16. N1h2 b4 17. Ng4 a3 18. bxa3 Rxa3 19. Ne3 Qa5 20. c4 d4 21. Nf5 exf5 22. e6
Nf6 23. Ne5 Nxe5 24. Bxb7 Qa7 25. Bc8 Nxd3 26. Qf3 O-O 27. Bxh6 Nxe1 28. Qxf5
Nf3+ 29. Kf1 Rxc8 30. exf7+ Kxf7 31. Qxc8 gxh6 0-1